000
00192 a2200097 4500
020
_a
978'9978493786
041
_a
spa
100
_a
Maria Fernanda Hereida
245
_a
Cuatro ojos
942
_c
BK
999
_c
11086
_d
11086